Meteoroloji karakterli doğal afetler ve meteorolojik önlemler (Record no. 7284)

MARC details
000 -BAŞLIK
Sabit Uzunlukta Kontrol Alanı 00950na a2200277 4500
001 - KONTROL NUMARASI
Denetim Alanı 20467
003 - KONTROL NUMARASI IDENTIFIER
Denetim Alanı MIRAKIL
005 - SON İŞLEM TARİHİ VE ZAMANI
Denetim Alanı 20181213155134.0
008 - SABİT-BOY VERİ ELEMANLARI - GENEL BİLGİLER
Sabit Uzunlukta Kontrol Alanı 170120b tu 000 0
020 ## - ULUSLARARASI STANDART KİTAP NUMARASI
Uluslararası Standart Kitap Numarası 9753953542
040 ## - KATALOGLAMA KAYNAK
Orijinal Kataloglama Ajansı Milas
Kataloglama Dili tur
Metne Dönüştürmek Ajansı TR-AnCHP
041 ## - DİL KODU
Metin / Ses Parça Veya Ayrı Başlığın Dil Kodu tur
082 ## - DEWEY ONLU SINIFLANDIRMA NUMARASI
Sınıflandırma Numarası 551.5
Ürün Numarası M37 1999
090 ## - SINIFLAMA NUMARASI
Sınıflama Numarası 551.5 M37 1999
245 ## - BAŞLIK TABLOSU
Başlık Meteoroloji karakterli doğal afetler ve meteorolojik önlemler
Sorumluluk Tablosu, Vb TMMOB Meteoroloji Mühendisleri Odası
260 ## - YAYIN, DAĞITIM, VB
Yayın, Dağıtım, Vb Yeri Ankara
Yayıncı, Dağıtıcı, Vs Adı TMMOB Meteoroloji Mühendisleri Odası
Yayın, Dağıtım, Vb Tarihi 1999
300 ## - FİZİKSEL TANIM
Kapsam 62 s.
Diğer Fiziksel Ayrıntıları res.
Boyutlar 24 sm.
504 ## - KAYNAKÇA VB NOT
Kaynakça Vb Notu Kaynakça var.
650 ## - KONU KATMA GİRİŞ - TOPİKAL DÖNEM
Topikal Süreli Veya Coğrafi Ad Giriş Elemanı Doğal afetler
Genel Alt Bölümü Deprem
Kronolojik Alt Bölümü Önlemler
650 ## - KONU KATMA GİRİŞ - TOPİKAL DÖNEM
Topikal Süreli Veya Coğrafi Ad Giriş Elemanı Doğal afetler
Genel Alt Bölümü Çığ
Kronolojik Alt Bölümü Önlemler
650 ## - KONU KATMA GİRİŞ - TOPİKAL DÖNEM
Topikal Süreli Veya Coğrafi Ad Giriş Elemanı Doğal afetler
Genel Alt Bölümü Sel
Kronolojik Alt Bölümü Önlemler
650 ## - KONU KATMA GİRİŞ - TOPİKAL DÖNEM
Topikal Süreli Veya Coğrafi Ad Giriş Elemanı Doğal afetler
Genel Alt Bölümü Meteorolojik önlemler
650 ## - KONU KATMA GİRİŞ - TOPİKAL DÖNEM
Topikal Süreli Veya Coğrafi Ad Giriş Elemanı Meteoroloji
Genel Alt Bölümü Doğal afetler
Kronolojik Alt Bölümü Önlemler
710 ## - KATMA GİRİŞ - KURUMSAL ADI
Giriş Elemanı Olarak Kurumsal Ad Veya Yargı Alanı Adı Türk Mühendis ve Mimar Odaları Birliği Meteoroloji Mühendisleri Odası
942 ## - EKLENDİ GİRİŞ ELEMANLARI (KOHA)
Sınıflandırma Veya Raf Düzeni Kaynak Dewey Decimal Classification
Koha Öğesi Türü Books
999 ## - SİSTEM KONTROL NUMARALARI (KOHA)
Koha Biblionumber 7284
Koha Biblioitemnumber 7284
Holdings
Kalıcı Konum Mevcut Konum Edinme Tarihi Edinim Kaynak Toplam Check-Out'Lar Tam Çağrı Numarası Barkod Tarih Son Görülme İtibaren Geçerli Fiyatlar Koha Öğesi Türü
CHP Kütüphanesi CHP Kütüphanesi 01/20/2017 Bağış   551.5 M37 1999 012571 01/20/2017 01/20/2017 Books